JT Music- To The Bone PART 2 - Statistics

General Stats
  • This quiz has been taken 8 times
  • The average score is 61 of 142
Answer Stats
Hint Answer % Correct
. i
83%
. the
83%
. we
83%
. a
67%
. and
67%
. bone
67%
. can
67%
. down
67%
. have
67%
. monster
67%
. monsters
67%
. motivations
67%
. our
67%
. so
67%
. to
67%
. you
67%
. aint
50%
. be
50%
. because
50%
. better
50%
. but
50%
. determination
50%
. done
50%
. got
50%
. if
50%
. ill
50%
. it
50%
. know
50%
. me
50%
. more
50%
. now
50%
. on
50%
. one
50%
. pun
50%
. real
50%
. relate
50%
. skulls
50%
. some
50%
. story
50%
. than
50%
. that
50%
. this
50%
. trombone
50%
. two
50%
. will
50%
. your
50%
. alone
33%
. attack
33%
. boned
33%
. children
33%
. cut
33%
. dont
33%
. for
33%
. ive
33%
. kinda
33%
. knack
33%
. leave
33%
. my
33%
. of
33%
. play
33%
. prison
33%
. scared
33%
. special
33%
. survive
33%
. theyre
33%
. tiny
33%
. when
33%
. with
33%
. youre
33%
. youve
33%
. again
17%
. alas
17%
. already
17%
. any
17%
. around
17%
. been
17%
. closet
17%
. come
17%
. eye
17%
. far
17%
. find
17%
. get
17%
. him
17%
. hit
17%
. inside
17%
. jumble
17%
. junior
17%
. just
17%
. mess
17%
. nihliism
17%
. not
17%
. sell
17%
. should
17%
. skeletons
17%
. soon
17%
. stories
17%
. stumble
17%
. stump
17%
. sure
17%
. told
17%
. watch
17%
. who's
17%
. youll
17%
. sould
0%
No matching quizzes found
Score Distribution
Percent of People with Each Score
Percentile by Number Answered
Your Score History
You have not taken this quiz